Statystyki dla 15 najbardziej dotkniętych krajów Covid-19 - 5 lipca

Kliknij tutaj aby rozwiązać quiz!

Ogólne statystyki

  • Ten quiz został rozwiązany 24 razy
  • Średni wynik to 12 z 25

Statystyki odpowiedzi

kraj% Poprawnych
Włochy
100%
Stany Zjednoczone
96%
Hiszpania
87%
Brazylia
83%
Niemcy
78%
Rosja
74%
Wielka Brytania
74%
Indie
70%
Meksyk
65%
Turcja
61%
Iran
52%
Pakistan
43%
Peru
43%
Chile
39%
Chile
39%
Szwecja
39%
Singapur
22%
Kuwejt
17%
Arabia Saudyjska
13%
Białoruś
13%
Katar
13%
Bahrajn
9%
Oman
9%
Panama
9%
Armenia
4%

Rozkład punktacji

Percentyl według liczby udzielonych odpowiedzi

Procent ludzi z każdym wynikiem

Twoja historia wyników

Nie rozwiązałeś tego quizu